Solve the Secret Word - Statistics

General Stats
  • This quiz has been taken 5,069 times
  • The average score is 20 of 27
Answer Stats
Hint Answer % Correct
AELPP Apple
100%
ABJNO Banjo
98%
ACENO Canoe
85%
ACDEN Dance
82%
CEITV Evict
79%
EFLTU Flute
79%
ADGRU Guard
76%
AHHRS Harsh
76%
ILMPY Imply
75%
EJKOR Joker
75%
AAKLO Koala
75%
BILMO Limbo
75%
EMNOY Money
75%
EINOS Noise
74%
ENORW Owner
71%
AEHPS Phase
69%
EOQTU Quote
68%
EHMRY Rhyme
68%
KLLSU Skull
67%
EGIRT Tiger
67%
ALSUU Usual
63%
CEIOV Voice
63%
AESTW Waste
62%
EORXX Xerox
61%
HOTUY Youth
61%
ABERZ Zebra
61%
Secret Word YAHOO!
52%
No matching quizzes found
Score Distribution
Percent of People with Each Score
Percentile by Number Answered
Your Score History
You have not taken this quiz